000 00579nam a2200181Ia 4500
003 GCL
008 140319s9999 xx 000 0 ara d
040 _aGCL /
_cGCL
082 0 4 _a301.01
_bا ن
100 1 _aذايتلين، ادفنج
245 1 0 _a"النظرية المعاصرة فى علم الاجتماع "" دراسة نقدية """ /
_cذايتلين، ادفنج
700 1 _aابراهيم عثمان
260 _a[S.N] :
_bدار المعرفة الجامعية ،
_c1993
300 _a420 ص
490 _a
650 0 4 _aالاجتماع
942 _2ddc
_cBK
999 _c55783
_d55783